[Event "GER-ch Youth U10W 2020"]
[Site "Willingen"]
[Date "2020.10.30"]
[Round "6.7"]
[White "Huber, Laura"]
[Black "Zimmermann, Lilly Marie"]
[Result "1-0"]
[WhiteElo "1249"]
[BlackElo "851"]
[Annotator "NA RC"]
[PlyCount "127"]
[EventDate "2020.10.27"]
[EventType "swiss"]
[EventRounds "7"]
[EventCountry "GER"]
[SourceTitle "playchess.com"]
[Source "ChessBase"]
[SourceQuality "1"]
[TimeControl "40/4500+30:900+30"]

1. e4 {[%emt 0:00:00]} e5 {[%emt 0:00:00]} 2. Nf3 {[%emt 0:00:00]} Nc6 {[%emt 0:00:00]} 3. Bc4 {[%emt 0:00:06]} Nf6 {[%emt 0:01:08]} 4. d3 {[%emt 0:00:47]} h6 {[%emt 0:00:31]} 5. c3 {[%emt 0:03:00]} Bc5 {[%emt 0:00:23]} 6. O-O {[%emt 0:02:11]} d6 {[%emt 0:00:46]} 7. Nbd2 {[%emt 0:00:37]} O-O {[%emt 0:00:25]} 8. h3 {[%emt 0:00:52]} d5 {[%emt 0:01:23]} 9. exd5 {[%emt 0:07:18]} Nxd5 {[%emt 0:00:38]} 10. Re1 {[%emt 0:01:09]} Bd6 {[%emt 0:02:03]} 11. Bxd5 {[%emt 0:01:16]} Qf6 {[%emt 0:01:32]} 12. Ne4 {[%emt 0:08:47]} Qg6 {[%emt 0:01:50]} 13. Ng3 {[%emt 0:01:16]} Ne7 {[%emt 0:02:46]} 14. Bb3 {[%emt 0:15:34]} Nf5 {[%emt 0:01:21]} 15. Nxf5 {[%emt 0:01:58]} Bxf5 {[%emt 0:02:20]} 16. Nh4 {[%emt 0:00:41]} Qf6 {[%emt 0:00:27]} 17. Nxf5 {[%emt 0:00:14]} Qxf5 {[%emt 0:00:25]} 18. Re3 {[%emt 0:02:23]} Bc5 {[%emt 0:00:35]} 19. Rf3 {[%emt 0:01:23]} Qg6 {[%emt 0:00:57]} 20. Rg3 {[%emt 0:01:06]} Qxg3 {[%emt 0:00:59]} 21. d4 {[%emt 0:02:05]} Qg6 {[%emt 0:02:10]} 22. dxc5 {[%emt 0:00:49]} Rad8 {[%emt 0:00:32]} 23. Qf3 {[%emt 0:02:07]} e4 {[%emt 0:01:02]} 24. Qe2 {[%emt 0:03:32]} Rde8 {[%emt 0:00:23]} 25. Be3 {[%emt 0:01:17]} Re5 {[%emt 0:00:45]} 26. Rd1 {[%emt 0:01:59]} Rh5 {[%emt 0:00:15]} 27. Kh2 {[%emt 0:04:44]} b6 {[%emt 0:00:51]} 28. Rd7 {[%emt 0:03:26]} Kh8 {[%emt 0:03:03]} 29. Rxc7 {[%emt 0:04:44]} bxc5 {[%emt 0:01:06]} 30. Bxc5 {[%emt 0:02:44]} Re8 {[%emt 0:00:17]} 31. Bxf7 {[%emt 0:00:18]} Qg5 {[%emt 0:00:48]} 32. Bxh5 {[%emt 0:01:52]} Re5 {[%emt 0:00:43]} 33. Qg4 {[%emt 0:01:57]} Rd5 {[%emt 0:01:07]} 34. Qxg5 {[%emt 0:00:40]} hxg5 {[%emt 0:00:27]} 35. Bg6 {[%emt 0:00:28]} Rd8 {[%emt 0:00:33]} 36. Bd4 {[%emt 0:00:27]} Kg8 {[%emt 0:00:25]} 37. Rxg7+ {[%emt 0:00:14]} Kf8 {[%emt 0:00:27]} 38. Rf7+ {[%emt 0:00:30]} Kg8 {[%emt 0:00:11]} 39. Rh7 {[%emt 0:00:41]} Kf8 {[%emt 0:00:46]} 40. Rh8+ {[%emt 0:00:19]} Ke7 {[%emt 0:00:17]} 41. Rxd8 {[%emt 0:15:02]} Kxd8 {[%emt 0:15:29]} 42. Bxa7 {[%emt 0:00:05]} Kc7 43. Bxe4 Kd6 {[%emt 0:01:06]} 44. Be3 {[%emt 0:00:46]} Ke5 {[%emt 0:00:10]} 45. Bxg5 {[%emt 0:00:19]} Kxe4 {[%emt 0:00:14]} 46. Bf4 {[%emt 0:00:07]} Kxf4 {[%emt 0:00:26]} 47. a4 {[%emt 0:00:07]} Ke5 {[%emt 0:00:09]} 48. a5 {[%emt 0:00:04]} Ke4 {[%emt 0:00:29]} 49. a6 {[%emt 0:00:06]} Kd3 {[%emt 0:00:28]} 50. a7 {[%emt 0:00:27]} Kc2 51. a8=Q Kxb2 {[%emt 0:01:00]} 52. c4 {[%emt 0:00:45]} Kc3 {[%emt 0:00:49]} 53. Qf3+ {[%emt 0:00:07]} Kxc4 {[%emt 0:00:10]} 54. Qe3 {[%emt 0:00:04]} Kd5 {[%emt 0:00:10]} 55. Qf4 {[%emt 0:00:12]} Kc5 {[%emt 0:00:26]} 56. Qd2 {[%emt 0:00:07]} Kb5 {[%emt 0:00:13]} 57. Qc2 {[%emt 0:00:04]} Ka5 {[%emt 0:00:06]} 58. Qb1 {[%emt 0:00:31]} Ka4 {[%emt 0:00:11]} 59. h4 {[%emt 0:00:06]} Ka5 {[%emt 0:00:18]} 60. h5 {[%emt 0:00:02]} Ka6 {[%emt 0:00:22]} 61. h6 {[%emt 0:00:14]} Ka5 {[%emt 0:00:48]} 62. h7 {[%emt 0:00:06]} Ka4 {[%emt 0:00:04]} 63. h8=R {[%emt 0:00:27]} Ka5 {[%emt 0:00:03]} 64. Ra8# 1-0

[Event "GER-ch Youth U10W 2020"]
[Site "Willingen"]
[Date "2020.10.30"]
[Round "6.8"]
[White "Zhou, Jenny"]
[Black "Bakó, Isabella"]
[Result "0-1"]
[WhiteElo "1131"]
[BlackElo "1153"]
[Annotator "NA RC"]
[PlyCount "154"]
[EventDate "2020.10.27"]
[EventType "swiss"]
[EventRounds "7"]
[EventCountry "GER"]
[SourceTitle "playchess.com"]
[Source "ChessBase"]
[SourceQuality "1"]
[TimeControl "40/4500+30:900+30"]

1. e4 {[%emt 0:00:00]} c5 {[%emt 0:00:00]} 2. Nf3 {[%emt 0:00:00]} d6 {[%emt 0:00:16]} 3. d4 {[%emt 0:00:00]} cxd4 {[%emt 0:00:21]} 4. Nxd4 {[%emt 0:00:00]} Nf6 {[%emt 0:00:46]} 5. Nc3 {[%emt 0:00:38]} g6 {[%emt 0:00:38]} 6. Be3 {[%emt 0:00:17]} Bg7 {[%emt 0:00:43]} 7. f3 {[%emt 0:00:16]} O-O {[%emt 0:00:35]} 8. Qd2 {[%emt 0:00:22]} Nc6 {[%emt 0:00:22]} 9. O-O-O {[%emt 0:01:22]} Nxd4 {[%emt 0:00:15]} 10. Bxd4 {[%emt 0:00:29]} Be6 {[%emt 0:00:27]} 11. Nd5 {[%emt 0:03:31]} Nxd5 {[%emt 0:11:15]} 12. exd5 {[%emt 0:01:06]} Bd7 {[%emt 0:07:15]} 13. h4 {[%emt 0:01:47]} h5 {[%emt 0:02:45]} 14. g4 {[%emt 0:00:43]} hxg4 {[%emt 0:01:49]} 15. h5 {[%emt 0:01:38]} Bf5 {[%emt 0:08:55]} 16. hxg6 {[%emt 0:00:53]} Bxg6 {[%emt 0:00:27]} 17. Bxg7 {[%emt 0:00:43]} Kxg7 {[%emt 0:00:59]} 18. Qh2 {[%emt 0:00:46]} Rh8 {[%emt 0:00:51]} 19. Qg1 {[%emt 0:00:23]} Rxh1 {[%emt 0:01:17]} 20. Qxh1 {[%emt 0:00:12]} Qc7 {[%emt 0:03:13]} 21. Bd3 {[%emt 0:00:40]} Bxd3 {[%emt 0:03:09]} 22. Rxd3 {[%emt 0:00:10]} Rh8 {[%emt 0:01:01]} 23. Qg1 {[%emt 0:00:21]} Kf8 {[%emt 0:01:38]} 24. fxg4 {[%emt 0:00:46]} Rg8 {[%emt 0:03:32]} 25. Rc3 {[%emt 0:01:30]} Qd7 {[%emt 0:01:44]} 26. Qd4 {[%emt 0:02:28]} Qxg4 {[%emt 0:04:09]} 27. Qxa7 {[%emt 0:04:30]} Qg1+ {[%emt 0:02:03]} 28. Qxg1 {[%emt 0:00:14]} Rxg1+ {[%emt 0:00:28]} 29. Kd2 {[%emt 0:00:05]} Rg5 {[%emt 0:00:43]} 30. Rc8+ {[%emt 0:00:24]} Kg7 {[%emt 0:00:36]} 31. c4 {[%emt 0:00:10]} Kf6 {[%emt 0:00:31]} 32. a4 {[%emt 0:00:23]} Ke5 {[%emt 0:01:14]} 33. Rc7 {[%emt 0:01:33]} Kd4 {[%emt 0:01:33]} 34. Kc2 {[%emt 0:00:23]} Rg3 {[%emt 0:02:55]} 35. Rxb7 {[%emt 0:01:03]} Kxc4 {[%emt 0:01:42]} 36. b3+ {[%emt 0:00:06]} Kxd5 {[%emt 0:00:23]} 37. a5 {[%emt 0:00:04]} Kc6 {[%emt 0:02:20]} 38. a6 {[%emt 0:00:29]} Rg8 {[%emt 0:02:17]} 39. b4 {[%emt 0:00:51]} Rg5 {[%emt 0:01:26]} 40. b5+ {[%emt 0:01:10]} Kc5 {[%emt 0:01:35]} 41. Rc7+ {[%emt 0:16:29]} Kxb5 {[%emt 0:15:43]} 42. a7 {[%emt 0:00:13]} Rg2+ {[%emt 0:00:50]} 43. Kb3 {[%emt 0:00:27]} Rg8 {[%emt 0:01:12]} 44. Rb7+ {[%emt 0:00:33]} Ka6 {[%emt 0:00:32]} 45. Rb8 {[%emt 0:00:23]} Rg3+ {[%emt 0:00:26]} 46. Kc4 {[%emt 0:02:25]} Kxa7 47. Re8 Re3 {[%emt 0:02:43]} 48. Kb5 {[%emt 0:01:16]} Kb7 {[%emt 0:00:37]} 49. Rd8 {[%emt 0:00:32]} Kc7 {[%emt 0:00:28]} 50. Rf8 {[%emt 0:00:26]} Rf3 {[%emt 0:00:50]} 51. Re8 {[%emt 0:01:33]} Kd7 {[%emt 0:00:46]} 52. Ra8 {[%emt 0:00:21]} Rc3 {[%emt 0:01:54]} 53. Ra7+ {[%emt 0:00:15]} Rc7 {[%emt 0:01:27]} 54. Ra4 {[%emt 0:00:39]} Rc5+ {[%emt 0:01:35]} 55. Kb4 {[%emt 0:00:59]} Rf5 {[%emt 0:00:56]} 56. Ra7+ {[%emt 0:00:22]} Ke6 {[%emt 0:00:15]} 57. Ra1 {[%emt 0:00:24]} Rd5 {[%emt 0:00:36]} 58. Re1+ {[%emt 0:00:14]} Re5 {[%emt 0:00:23]} 59. Ra1 {[%emt 0:00:16]} f5 {[%emt 0:00:31]} 60. Kc4 {[%emt 0:00:12]} f4 {[%emt 0:00:57]} 61. Rf1 {[%emt 0:00:27]} Rf5 {[%emt 0:01:02]} 62. Re1+ {[%emt 0:00:03]} Re5 {[%emt 0:01:11]} 63. Rf1 {[%emt 0:00:17]} Re4+ {[%emt 0:00:26]} 64. Kd3 {[%emt 0:00:07]} d5 {[%emt 0:00:12]} 65. Rh1 {[%emt 0:00:19]} f3 {[%emt 0:01:04]} 66. Rh6+ {[%emt 0:01:10]} Kd7 {[%emt 0:01:12]} 67. Rh3 {[%emt 0:00:06]} Rf4 {[%emt 0:00:51]} 68. Rh1 {[%emt 0:00:34]} e5 {[%emt 0:05:36]} 69. Rh7+ {[%emt 0:00:14]} Ke6 {[%emt 0:01:22]} 70. Rh6+ {[%emt 0:00:20]} Rf6 {[%emt 0:00:13]} 71. Rh1 {[%emt 0:00:43]} e4+ {[%emt 0:00:00]} 72. Kc3 {[%emt 0:00:00]} Ke5 {[%emt 0:00:00]} 73. Rh5+ {[%emt 0:00:00]} Rf5 {[%emt 0:00:00]} 74. Rxf5+ {[%emt 0:00:00]} Kxf5 {[%emt 0:00:00]} 75. Kd2 {[%emt 0:00:00]} Kf4 {[%emt 0:00:00]} 76. Ke1 {[%emt 0:00:00]} Ke3 {[%emt 0:00:00]} 77. Kf1 {[%emt 0:00:00]} f2 {[%emt 0:00:00]} 0-1

[Event "GER-ch Youth U10W 2020"]
[Site "Willingen"]
[Date "2020.10.30"]
[Round "6.10"]
[White "Becker, Hanna Charlotte"]
[Black "Rössling, Laura Marie"]
[Result "0-1"]
[WhiteElo "853"]
[BlackElo "937"]
[Annotator "NA RC"]
[PlyCount "62"]
[EventDate "2020.10.27"]
[EventType "swiss"]
[EventRounds "7"]
[EventCountry "GER"]
[SourceTitle "playchess.com"]
[Source "ChessBase"]
[SourceQuality "1"]
[TimeControl "40/4500+30:900+30"]

1. d4 {[%emt 0:00:00]} e5 {[%emt 0:00:00]} 2. Nf3 {[%emt 0:00:07]} exd4 {[%emt 0:03:49]} 3. e4 {[%emt 0:01:37]} dxe3 {[%emt 0:01:56]} 4. fxe3 {[%emt 0:00:24]} Nf6 {[%emt 0:02:36]} 5. Nc3 {[%emt 0:00:32]} Nc6 {[%emt 0:02:30]} 6. e4 {[%emt 0:00:48]} Bb4 {[%emt 0:02:30]} 7. Bd2 {[%emt 0:00:46]} d5 {[%emt 0:04:47]} 8. exd5 {[%emt 0:00:27]} Nxd5 {[%emt 0:01:02]} 9. Nxd5 {[%emt 0:00:22]} Qxd5 {[%emt 0:02:54]} 10. Bxb4 {[%emt 0:01:27]} Qe4+ {[%emt 0:05:23]} 11. Be2 {[%emt 0:01:50]} Qxb4+ {[%emt 0:01:15]} 12. Qd2 {[%emt 0:02:12]} Qxb2 {[%emt 0:02:54]} 13. Qe3+ {[%emt 0:00:27]} Be6 {[%emt 0:02:02]} 14. Qc1 {[%emt 0:00:47]} Qc3+ {[%emt 0:00:58]} 15. Nd2 {[%emt 0:01:18]} O-O {[%emt 0:03:22]} 16. O-O {[%emt 0:01:36]} Qc5+ {[%emt 0:03:44]} 17. Rf2 {[%emt 0:00:17]} Nd4 {[%emt 0:02:00]} 18. Bd3 {[%emt 0:01:03]} Bf5 {[%emt 0:02:01]} 19. Kf1 {[%emt 0:01:32]} Rfe8 20. Rf4 {[%emt 0:01:03]} Rad8 {[%emt 0:08:03]} 21. Nb3 {[%emt 0:00:58]} Nxb3 {[%emt 0:02:46]} 22. axb3 {[%emt 0:00:13]} Bxd3+ {[%emt 0:04:48]} 23. cxd3 {[%emt 0:01:19]} Qe5 {[%emt 0:04:30]} 24. Rxa7 {[%emt 0:00:52]} Qe2+ {[%emt 0:00:30]} 25. Kg1 {[%emt 0:00:24]} Rxd3 {[%emt 0:00:32]} 26. h3 {[%emt 0:01:50]} Rd1+ {[%emt 0:00:36]} 27. Qxd1 {[%emt 0:01:00]} Qxd1+ {[%emt 0:00:28]} 28. Kf2 {[%emt 0:01:13]} Re2+ {[%emt 0:00:49]} 29. Kg3 {[%emt 0:00:52]} Qd3+ {[%emt 0:01:35]} 30. Rf3 {[%emt 0:00:12]} Qg6+ {[%emt 0:01:16]} 31. Kh2 {[%emt 0:00:36]} Qxg2# {[%emt 0:00:12]} 0-1

[Event "GER-ch Youth U10W 2020"]
[Site "Willingen"]
[Date "2020.10.30"]
[Round "6.11"]
[White "John, Linnea"]
[Black "Halas, Neele Zoe"]
[Result "0-1"]
[WhiteElo "1146"]
[BlackElo "1295"]
[Annotator "NA RC"]
[PlyCount "100"]
[EventDate "2020.10.27"]
[EventType "swiss"]
[EventRounds "7"]
[EventCountry "GER"]
[SourceTitle "playchess.com"]
[Source "ChessBase"]
[SourceQuality "1"]
[TimeControl "40/4500+30:900+30"]

1. e4 {[%emt 0:00:00]} e5 {[%emt 0:00:00]} 2. Nf3 {[%emt 0:00:00]} Nc6 {[%emt 0:00:00]} 3. d4 {[%emt 0:00:00]} exd4 {[%emt 0:00:00]} 4. Nxd4 {[%emt 0:00:01]} Bc5 {[%emt 0:00:00]} 5. Be3 {[%emt 0:00:12]} Qf6 {[%emt 0:00:00]} 6. c3 {[%emt 0:00:41]} Nge7 {[%emt 0:00:18]} 7. Bc4 {[%emt 0:03:50]} Ne5 {[%emt 0:00:39]} 8. Be2 Qg6 9. O-O {[%emt 0:06:26]} O-O {[%emt 0:13:24]} 10. Nd2 {[%emt 0:01:58]} d6 {[%emt 0:06:28]} 11. Bh5 {[%emt 0:08:36]} Qf6 {[%emt 0:07:31]} 12. N2b3 {[%emt 0:12:51]} Bb6 {[%emt 0:13:02]} 13. Qd2 {[%emt 0:03:09]} Nc4 {[%emt 0:09:36]} 14. Qc1 {[%emt 0:06:56]} Nxe3 {[%emt 0:06:47]} 15. Qxe3 {[%emt 0:04:09]} c5 {[%emt 0:06:56]} 16. Nf3 {[%emt 0:05:07]} c4 {[%emt 0:04:02]} 17. Nbd4 {[%emt 0:01:00]} g6 {[%emt 0:03:25]} 18. Bxg6 {[%emt 0:03:51]} Nxg6 {[%emt 0:01:01]} 19. Qh6 {[%emt 0:02:42]} Qg7 {[%emt 0:03:15]} 20. Qd2 {[%emt 0:03:15]} Ne5 {[%emt 0:00:58]} 21. Qe2 {[%emt 0:00:50]} Bg4 {[%emt 0:01:13]} 22. h3 {[%emt 0:03:05]} Bxh3 {[%emt 0:00:54]} 23. Nh4 {[%emt 0:01:34]} Kh8 {[%emt 0:02:31]} 24. Ndf5 {[%emt 0:01:56]} Bxf5 {[%emt 0:02:16]} 25. Nxf5 {[%emt 0:01:07]} Qf6 {[%emt 0:00:44]} 26. Qh5 {[%emt 0:01:58]} Rg8 {[%emt 0:00:42]} 27. Ng3 {[%emt 0:02:58]} Qg6 {[%emt 0:00:28]} 28. Qe2 {[%emt 0:01:40]} Nd3 {[%emt 0:00:34]} 29. Rad1 {[%emt 0:00:54]} Nxf2 {[%emt 0:00:35]} 30. Rxf2 {[%emt 0:00:42]} Bxf2+ {[%emt 0:00:06]} 31. Qxf2 {[%emt 0:00:18]} Qxg3 {[%emt 0:00:04]} 32. Qxg3 {[%emt 0:00:28]} Rxg3 {[%emt 0:00:06]} 33. Rxd6 {[%emt 0:00:18]} Rg7 {[%emt 0:01:10]} 34. Rd4 {[%emt 0:00:22]} b5 {[%emt 0:00:14]} 35. Rd5 {[%emt 0:00:15]} a6 {[%emt 0:00:23]} 36. Rd6 {[%emt 0:01:57]} Rag8 {[%emt 0:00:36]} 37. Rd2 {[%emt 0:00:26]} h6 {[%emt 0:00:24]} 38. Kf1 {[%emt 0:00:47]} Kh7 {[%emt 0:00:36]} 39. Rd6 {[%emt 0:00:41]} Rxg2 {[%emt 0:00:14]} 40. Rxa6 {[%emt 0:00:15]} R8g6 {[%emt 0:00:32]} 41. Ra5 {[%emt 0:15:18]} Rxb2 {[%emt 0:15:17]} 42. Ra7 {[%emt 0:00:47]} Kg7 {[%emt 0:00:06]} 43. e5 {[%emt 0:01:05]} Re6 {[%emt 0:00:23]} 44. Ke1 {[%emt 0:00:26]} Rxe5+ {[%emt 0:00:22]} 45. Kd1 Rh2 {[%emt 0:00:59]} 46. Rd7 {[%emt 0:00:41]} Ree2 {[%emt 0:00:24]} 47. Rd5 {[%emt 0:00:36]} Rxa2 {[%emt 0:00:22]} 48. Rd2 {[%emt 0:00:25]} Raxd2+ {[%emt 0:00:13]} 49. Ke1 {[%emt 0:00:18]} Ra2 {[%emt 0:00:06]} 50. Kf1 {[%emt 0:00:04]} Ra1# {[%emt 0:00:05]} 0-1

[Event "GER-ch Youth U10W 2020"]
[Site "Willingen"]
[Date "2020.10.30"]
[Round "6.12"]
[White "Stepanjan, Tatevik Mia"]
[Black "Le, Thao-Linh"]
[Result "0-1"]
[WhiteElo "1030"]
[BlackElo "1121"]
[Annotator "NA RC"]
[PlyCount "44"]
[EventDate "2020.10.27"]
[EventType "swiss"]
[EventRounds "7"]
[EventCountry "GER"]
[SourceTitle "playchess.com"]
[Source "ChessBase"]
[SourceQuality "1"]
[TimeControl "40/4500+30:900+30"]

1. e4 {[%emt 0:00:00]} e5 {[%emt 0:00:00]} 2. Nf3 {[%emt 0:00:00]} Nf6 {[%emt 0:00:48]} 3. Nc3 {[%emt 0:00:09]} Bb4 {[%emt 0:01:37]} 4. d3 {[%emt 0:01:02]} Nc6 {[%emt 0:03:46]} 5. Bg5 {[%emt 0:00:21]} d6 {[%emt 0:02:04]} 6. Be2 {[%emt 0:00:20]} Be6 {[%emt 0:02:12]} 7. d4 {[%emt 0:01:33]} Qd7 {[%emt 0:01:09]} 8. d5 {[%emt 0:00:26]} Bg4 {[%emt 0:03:26]} 9. dxc6 {[%emt 0:00:38]} Qxc6 {[%emt 0:00:33]} 10. Bd3 {[%emt 0:02:51]} Bxc3+ {[%emt 0:05:30]} 11. bxc3 {[%emt 0:00:23]} Qxc3+ {[%emt 0:00:40]} 12. Ke2 {[%emt 0:00:30]} Qc6 {[%emt 0:01:27]} 13. Rb1 {[%emt 0:00:33]} Nxe4 {[%emt 0:01:11]} 14. Bb5 {[%emt 0:02:08]} Nc3+ {[%emt 0:00:18]} 15. Kf1 {[%emt 0:00:38]} Qxb5+ {[%emt 0:01:12]} 16. Rxb5 {[%emt 0:00:21]} Nxd1 {[%emt 0:00:23]} 17. Rxb7 {[%emt 0:00:30]} O-O {[%emt 0:00:46]} 18. Rxc7 {[%emt 0:00:12]} Rab8 {[%emt 0:00:27]} 19. Rxa7 {[%emt 0:01:14]} Nc3 {[%emt 0:01:40]} 20. a4 {[%emt 0:02:23]} Rb1+ {[%emt 0:00:44]} 21. Ne1 {[%emt 0:00:16]} Be2+ {[%emt 0:00:08]} 22. Kg1 {[%emt 0:07:38]} Rxe1# 0-1

[Event "GER-ch Youth U10W 2020"]
[Site "Willingen"]
[Date "2020.10.30"]
[Round "6.13"]
[White "Tran, Hanna Emilie Mai Hoa"]
[Black "Manakov, Luisa"]
[Result "0-1"]
[WhiteElo "986"]
[BlackElo "1103"]
[Annotator "NA RC"]
[PlyCount "54"]
[EventDate "2020.10.27"]
[EventType "swiss"]
[EventRounds "7"]
[EventCountry "GER"]
[SourceTitle "playchess.com"]
[Source "ChessBase"]
[SourceQuality "1"]
[TimeControl "40/4500+30:900+30"]

1. e4 {[%emt 0:00:00]} e5 {[%emt 0:00:00]} 2. Nf3 {[%emt 0:00:00]} Nc6 {[%emt 0:00:00]} 3. Bc4 {[%emt 0:00:04]} Bc5 {[%emt 0:00:00]} 4. Nc3 {[%emt 0:00:32]} Nf6 {[%emt 0:00:17]} 5. O-O {[%emt 0:00:39]} d6 {[%emt 0:00:24]} 6. h3 {[%emt 0:00:26]} O-O {[%emt 0:00:17]} 7. d3 {[%emt 0:00:13]} h6 {[%emt 0:00:11]} 8. Nd5 {[%emt 0:00:22]} Nxd5 {[%emt 0:01:10]} 9. Bxd5 {[%emt 0:00:54]} Be6 {[%emt 0:00:55]} 10. Bxe6 {[%emt 0:01:00]} fxe6 {[%emt 0:00:16]} 11. Bd2 {[%emt 0:01:07]} d5 {[%emt 0:00:21]} 12. Nxe5 {[%emt 0:01:26]} Nxe5 {[%emt 0:01:17]} 13. d4 {[%emt 0:00:58]} Bxd4 {[%emt 0:00:54]} 14. Bb4 {[%emt 0:00:11]} c5 {[%emt 0:02:09]} 15. Bc3 {[%emt 0:00:22]} Bxc3 {[%emt 0:00:41]} 16. bxc3 {[%emt 0:00:06]} dxe4 {[%emt 0:00:27]} 17. Qh5 {[%emt 0:00:24]} Rf5 {[%emt 0:00:56]} 18. Qe2 {[%emt 0:00:29]} Qd5 {[%emt 0:00:56]} 19. Rfd1 {[%emt 0:00:16]} Qc4 {[%emt 0:00:50]} 20. Qe3 {[%emt 0:00:32]} Raf8 {[%emt 0:00:41]} 21. Rf1 {[%emt 0:00:33]} Rg5 {[%emt 0:02:45]} 22. Rab1 {[%emt 0:02:16]} b6 {[%emt 0:00:40]} 23. h4 {[%emt 0:01:00]} Nf3+ {[%emt 0:00:50]} 24. Kh1 {[%emt 0:00:22]} Nxh4 {[%emt 0:00:31]} 25. g3 {[%emt 0:05:55]} Nf3 {[%emt 0:00:40]} 26. a3 {[%emt 0:02:04]} Rh5+ {[%emt 0:00:12]} 27. Kg2 {[%emt 0:00:52]} Rh2# {[%emt 0:00:08]} 0-1

[Event "GER-ch Youth U10W 2020"]
[Site "Willingen"]
[Date "2020.10.30"]
[Round "6.14"]
[White "Wolf, Anna"]
[Black "Le, Thi An"]
[Result "1-0"]
[WhiteElo "1098"]
[BlackElo "976"]
[Annotator "NA RC"]
[PlyCount "63"]
[EventDate "2020.10.27"]
[EventType "swiss"]
[EventRounds "7"]
[EventCountry "GER"]
[SourceTitle "playchess.com"]
[Source "ChessBase"]
[SourceQuality "1"]
[TimeControl "40/4500+30:900+30"]

1. e4 {[%emt 0:00:00]} e5 {[%emt 0:00:00]} 2. Nf3 {[%emt 0:00:00]} Nc6 {[%emt 0:00:00]} 3. Bc4 {[%emt 0:00:03]} Bc5 {[%emt 0:00:00]} 4. d3 {[%emt 0:00:17]} h6 {[%emt 0:00:30]} 5. O-O {[%emt 0:01:27]} d6 {[%emt 0:00:39]} 6. Nbd2 {[%emt 0:00:28]} Nf6 {[%emt 0:00:31]} 7. c3 {[%emt 0:00:23]} Bg4 {[%emt 0:00:49]} 8. h3 {[%emt 0:00:28]} Bxf3 {[%emt 0:00:59]} 9. Qxf3 {[%emt 0:00:22]} Qd7 {[%emt 0:00:31]} 10. a4 {[%emt 0:03:04]} a6 {[%emt 0:00:57]} 11. Re1 {[%emt 0:02:54]} O-O-O {[%emt 0:00:22]} 12. b4 {[%emt 0:03:03]} Ba7 {[%emt 0:00:38]} 13. b5 {[%emt 0:00:42]} Nb8 {[%emt 0:01:04]} 14. Nf1 {[%emt 0:03:37]} Rdf8 {[%emt 0:00:48]} 15. Be3 {[%emt 0:01:55]} Bxe3 {[%emt 0:01:06]} 16. Qxe3 {[%emt 0:01:41]} Qe7 {[%emt 0:01:18]} 17. Qe2 {[%emt 0:02:11]} Nfd7 {[%emt 0:00:52]} 18. d4 {[%emt 0:03:14]} g5 {[%emt 0:01:16]} 19. bxa6 {[%emt 0:00:50]} bxa6 {[%emt 0:00:31]} 20. Bxa6+ {[%emt 0:00:42]} Kd8 {[%emt 0:00:08]} 21. g4 {[%emt 0:03:23]} Rh7 {[%emt 0:01:13]} 22. Ng3 {[%emt 0:02:23]} f6 {[%emt 0:02:53]} 23. Bb5 {[%emt 0:01:42]} c6 {[%emt 0:04:29]} 24. Nf5 {[%emt 0:01:13]} Qe8 {[%emt 0:03:48]} 25. Bc4 {[%emt 0:03:10]} Rfh8 {[%emt 0:00:59]} 26. Nxd6 {[%emt 0:01:03]} Qf8 {[%emt 0:00:51]} 27. dxe5 {[%emt 0:02:02]} fxe5 {[%emt 0:02:12]} 28. Red1 {[%emt 0:01:10]} h5 {[%emt 0:01:16]} 29. Rab1 {[%emt 0:00:40]} hxg4 {[%emt 0:01:13]} 30. Qxg4 {[%emt 0:01:25]} Rxh3 {[%emt 0:00:35]} 31. Nf7+ {[%emt 0:00:19]} Ke7 {[%emt 0:02:09]} 32. Qe6# {[%emt 0:01:55]} 1-0

[Event "GER-ch Youth U10W 2020"]
[Site "Willingen"]
[Date "2020.10.30"]
[Round "6.15"]
[White "Nalam, Mokshadha"]
[Black "Blaufuß, Lena"]
[Result "1-0"]
[WhiteElo "962"]
[BlackElo "1073"]
[Annotator "NA RC"]
[PlyCount "53"]
[EventDate "2020.10.27"]
[EventType "swiss"]
[EventRounds "7"]
[EventCountry "GER"]
[SourceTitle "playchess.com"]
[Source "ChessBase"]
[SourceQuality "1"]
[TimeControl "40/4500+30:900+30"]

1. e4 {[%emt 0:00:00]} e5 {[%emt 0:00:00]} 2. Nf3 {[%emt 0:00:00]} Nc6 {[%emt 0:00:00]} 3. Bc4 {[%emt 0:00:00]} Bc5 {[%emt 0:00:00]} 4. c3 {[%emt 0:00:00]} Nf6 {[%emt 0:00:32]} 5. d3 {[%emt 0:00:16]} d6 {[%emt 0:00:29]} 6. h3 {[%emt 0:00:09]} h6 {[%emt 0:00:27]} 7. Nbd2 {[%emt 0:00:17]} O-O {[%emt 0:00:33]} 8. O-O {[%emt 0:00:06]} Be6 {[%emt 0:00:42]} 9. Bxe6 {[%emt 0:00:07]} fxe6 {[%emt 0:00:18]} 10. Re1 {[%emt 0:00:16]} Nh5 {[%emt 0:02:22]} 11. Nf1 {[%emt 0:01:34]} Qh4 {[%emt 0:01:20]} 12. Nxh4 {[%emt 0:00:37]} Bxf2+ {[%emt 0:00:59]} 13. Kh1 {[%emt 0:02:00]} Ng3+ {[%emt 0:01:41]} 14. Nxg3 {[%emt 0:01:12]} Bxg3 {[%emt 0:00:42]} 15. Nf3 {[%emt 0:01:16]} Rf4 {[%emt 0:01:23]} 16. Bxf4 {[%emt 0:00:13]} Bxe1 {[%emt 0:00:35]} 17. Qxe1 {[%emt 0:00:31]} exf4 {[%emt 0:00:22]} 18. Qh4 {[%emt 0:00:25]} Rf8 {[%emt 0:00:29]} 19. Rf1 {[%emt 0:00:33]} e5 {[%emt 0:00:18]} 20. g3 {[%emt 0:02:37]} Kh7 {[%emt 0:00:40]} 21. gxf4 {[%emt 0:00:16]} exf4 {[%emt 0:00:30]} 22. Nh2 {[%emt 0:00:16]} g5 {[%emt 0:01:10]} 23. Qg4 {[%emt 0:01:21]} Ne5 {[%emt 0:01:45]} 24. Qe6 {[%emt 0:00:35]} f3 {[%emt 0:01:47]} 25. Qe7+ {[%emt 0:00:44]} Rf7 {[%emt 0:00:19]} 26. Qe8 {[%emt 0:00:34]} f2 {[%emt 0:01:19]} 27. d4 1-0